Statistics for Countries by First and Penultimate Letter

Click here to take the quiz!

General Stats

  • This quiz has been taken 275 times
  • The average score is 15 of 24

Answer Stats

First Letter Penultimate Letter Country % Correct
FJ__Fiji
96%
ZI__Zambia
91%
MW__Malawi
90%
KV__Kosovo
89%
BZ__Belize
87%
KY__Kenya
85%
VL__Venezuela
83%
FC__France
82%
LH__Lesotho
72%
PM__Panama
71%
IL__Italy
70%
CN__China
69%
HA__Honduras
64%
MV__Moldova
63%
DC__Dominica
58%
AN__Argentina
52%
LR__Luxembourg
40%
GE__Guinea
40%
TE__Turkey
40%
NN__New Zealand
33%
BO__Barbados
32%
SO__Samoa
26%
MR__Montenegro
25%
SC__South Africa
17%

Score Distribution

Percentile by Number Answered

Percent of People with Each Score

Your Score History

You have not taken this quiz